000 00459nam a22001577a 4500
005 20231215114003.0
008 231215b |||||||| |||| 00| 0 eng d
082 _a297.092
_bDUM-T
100 _aDumanli; Ekrem
245 _aTime to Talk:
_ban exclusive interview with Fethullah Gulen,
_cDumanli; Ekrem
260 _aPakistan
_bHarmony Publications
_c2015
300 _a94
500 _aAn Interview with Fethullah Gulen.
650 _aLiteature
999 _c34931
_d34931